Normal view
MARC view
Entry Topical Term
001 - CONTROL NUMBER
- control field: 26058
003 - CONTROL NUMBER IDENTIFIER
- control field: ARRUPE
005 - DATE AND TIME OF LATEST TRANSACTION
- control field: 20160921144237.0
008 - FIXED-LENGTH DATA ELEMENTS
- fixed length control field: 160921|| aca||aabn | a|a d
040 ## - CATALOGING SOURCE
- Original cataloging agency: ARRUPE
- Transcribing agency: ARRUPE
150 ## - HEADING--TOPICAL TERM
- Topical term or geographic name as entry element: Missionaries
670 ## - SOURCE DATA FOUND
- Source citation: Work cat.: (ARRUPE): Pettifer, Julian and Bradley, Richard 26056, Missionaries, 1990